LEADER 01427nam a2200301 u 4500 001 000000011084 003 CaOOAMICUS 005 20070226105404.0 008 940516s1969 it u000 u ita u 035 $a10273480 040 $aPUL(R)$bita$dPUL(R) 100 1 $aMarcuse, Herbert,$d1898-1979.$0(OLS)http://pul/name/10739 245 12$aL'ontologia di Hegel e la fondazione di una teoria della storicità /$cHerbert Marcuse ; presentazione di Mario Dal Pra. 260 $aFirenze :$bLa Nuova Italia,$c1969. 300 $axxiii, [1], 381 p. ;$c21 cm 490 1 $aPensatori del nostro tempo ;$v9 600 14$aHegel, Georg Wilhelm Friedrich,$d1770-1831.$0(OLS)http://pul/subject/7788 700 1 $aDal Pra, Mario,$d1914-1992.$0(OLS)http://pul/name/5569 830 0$aPensatori del nostro tempo ;$v9.$0(OLS)http://pul/title/8137 850 $aPUL 852 $aPUL$W1$xDP1 Fondo Giannini$y60$m1561 G 10$j15696$nBK-PRI$b $qFondi$B15696$CPULBib$Z2$F15696 $H $81 852 $aPUL$W1$xSL Filosofia 1$y2$m85 F 44$j15697$nBK-PRI$b $qStampati$B15697$CPULBib$Z2$F15697 $H $81 941 1 $a1 941 1 $a8 961 $aINV: Fondo Giannini 961 $aINV: 41970 996 $6245$aL'ontologia di Hegel e la fondazione di una teoria della storicità$9(OLS)http://pul/title/16116 996 $6260$aFirenze :$bLa Nuova Italia$9(OLS)http://pul/publisher/48361 LEADER 01668nam a2200373 a 4500 001 000000173532 003 CaOOAMICUS 005 20200605122806.0 008 200605s2019 it u000 u ita r 020 $a978-88-28-81040-7* 032 $aLibriCat 040 $aPUL$bita 082 04$a347.4505 110 1 $aItalia.$0(OLS)http://pul/name/1188 240 10$aCodice di procedura civile (2019).$0(OLS)http://pul/title/212191 245 10$aCodice di procedura civile :$bannotato con la giurisprudenza /$cGiovanni Novelli, Stefano Petitti, Stefano Filippini. 250 $a15a ed. 260 $aMilano :$bGiuffrè Francis Lefebvre,$c©2019. 300 $aXXXIII, 2425 p. ;$c25 cm 490 1 $aPercorsi Giuffrè 500 $aContiene indice analitico. 630 04$aCodice di procedura civile$zItalia.$0(OLS)http://pul/subject/19975 700 1 $aPetitti, Stefano,$d1953-$0(OLS)http://pul/name/49373 700 1 $aFilippini, Stefano,$d1962-$0(OLS)http://pul/name/109295 700 1 $aNovelli, Giovanni,$d1942-$0(OLS)http://pul/name/28071 830 0$aPercorsi (Giuffrè).$0(OLS)http://pul/title/132978 850 $aPUL 852 $aPUL$W1$xDP2 Diritto e Scienze Sociali 3$y110$m348. 45 COD 5.50$j197532$qDDC 21$B202317$CPULBib$Z2$F202317 $H134023 $82 941 1 $a9 996 $6020$a978-88-28-81040-7*$9(OLS)http://pul/number/167533 996 $6082$a347.4505$9(OLS)http://pul/classification/2032 996 $6245$aCodice di procedura civile :$bannotato con la giurisprudenza$9(OLS)http://pul/title/90421 996 $6260$aMilano :$bGiuffrè Francis Lefebvre$9(OLS)http://pul/publisher/86917